000
00263nam a22001097a 4500
082
_a
001
_b
SIE/K
100
_a
GOVT. OF INDIA
245
_a
SIET KERALA GENERAL SUBJECTS
_b
SSLC PAREEKSHYKK ORAMUGHAM
260
_a
NEW DELHI
_b
GOT. OFINDIA
300
_b
VCD
942
_c
BK
999
_c
7958
_d
7958